Bílá orchidej a další hity pro českou zábavu

Korporativní autor: Orchestr Petra Finka
Další autoři: Fink, Petr, 1943-, Mestek, Ctibor, Heidinger, Pavel, Petr, Ludvík, 1943-, Karasová, Eva, Česká Švitorka (hudební skupina)
Jazyk: Čeština
Vydáno: [Praha] : Universal Music, p2007
Témata:
Fyzický popis: 1 zvuková deska (77:38) : digital, stereo ; 12 cm
Zvukové nahrávky
Uloženo v:
LEADER 02250njm a2200481 a 4500
001 000884187
003 CZ BrMZK
005 20080207093618.0
007 sd fsngnnmmned
008 080131s2007 xr ppn g cze d
024 3 |a 602517305441 
028 0 1 |a 173 054-4  |b Universal Music 
040 |a BOA001  |b cze 
040 |a ABA001  |b cze 
072 7 |a 784  |x Vokální hudba  |2 Konspekt  |9 9 
080 |a 785.12  |2 MRF 
080 |a 784.4.088  |2 MRF 
080 |a (086.76)  |2 MRF 
245 0 0 |a Bílá orchidej  |h [zvukový záznam] :  |b a další hity pro českou zábavu 
246 3 0 |a Další hity pro českou zábavu 
260 |a [Praha] :  |b Universal Music,  |c p2007 
300 |a 1 zvuková deska (77:38) :  |b digital, stereo ;  |c 12 cm 
306 |a 011738 
500 |a Původní fonogramy p1997-1999 
500 |a Kompaktní deska 
500 |a Úpravy lidových písní Petr Fink 
505 0 0 |t Bílá orchidej --  |t Pod našima okny --  |t Na Šumavě je dolina --  |t Když jsem já ty koně pásal --  |t Olivo, olivo --  |t Včera z večera --  |t Jiřiny --  |t Od lesíčka cestičkou --  |t Byla noc krásná, májová --  |t Ještě já se podívám --  |t Na budějckej silnici --  |t Spadl lístek z javora --  |t Z večera při měsíčku --  |t Mladý hošík černovlasý --  |t Ty třeboňský luka --  |t V tom tichém údolí --  |t Jarní vody --  |t Moje česká vlast --  |t Má panenka modrooká --  |t U studánky seděla 
511 0 |a Zpívají Pavel Heidinger, Ludvík Petr, Eva Karasová a další ; Orchestr Petra Finka ; Česká Švitorka, Ctibor Mestek, dirigent 
650 0 7 |a dechová hudba  |7 ph119353  |2 czenas 
650 0 7 |a lidové písně, úpravy  |7 ph320413  |2 czenas 
655 7 |a kompaktní desky  |7 fd201991  |2 czenas 
700 1 |a Fink, Petr,  |d 1943-  |7 jn19981001141  |4 arr  |4 cnd 
700 1 |a Mestek, Ctibor  |7 jx20050314008  |4 cnd 
700 1 |a Heidinger, Pavel  |7 ola364085  |4 sng 
700 1 |a Petr, Ludvík,  |d 1943-  |7 xx0007892  |4 sng 
700 1 |a Karasová, Eva  |7 jx20050728034  |4 sng 
710 2 |a Orchestr Petra Finka 
710 2 |a Česká Švitorka (hudební skupina)  |7 ko2003186684 
910 |a BOA001  |b CD-0014.278 
990 |a AV 
995 |a 01 
991 |b 200802 
996 6 |b 261H015806  |c CD-0014.278  |l MZK  |r Sklad / do 24 hodin  |n 0  |w 000884187  |u 000010  |a 1  |e BOA001  |j MZK50  |s P